Kapitoly z psychologie: Transakční analýza. 1.
Každá zo zložiek nášho ja vstupuje do transakcií s inými ľuďmi. Menej problémov vzniká v tzv. rovnobežných transakciách, ktoré prebiehajú medzi ľuďmi na rovnakej rovine. Transakcie sa môžu doplňovať aj na rozdielnych rovinách. Náš život záleží do značnej miery na tom, čo sa v transakčnej analýze naz...
Salvato in:
| Autore principale: | |
|---|---|
| Natura: | Capitolo di libro |
| Lingua: | ceco |
| Soggetti: | |
| Tags: |
Nessun Tag, puoi essere il primo ad aggiungerne!!
|
MARC
| LEADER | 00000naa a2200000 4500 | ||
|---|---|---|---|
| 001 | r005208 | ||
| 005 | 20221125080507.6 | ||
| 041 | 0 | |a cze | |
| 044 | |a [CS] | ||
| 245 | 1 | 0 | |a Kapitoly z psychologie: Transakční analýza. 1. |c Tomáš Novák |
| 520 | |a Každá zo zložiek nášho ja vstupuje do transakcií s inými ľuďmi. Menej problémov vzniká v tzv. rovnobežných transakciách, ktoré prebiehajú medzi ľuďmi na rovnakej rovine. Transakcie sa môžu doplňovať aj na rozdielnych rovinách. Náš život záleží do značnej miery na tom, čo sa v transakčnej analýze nazýva našim scenárom. | ||
| 610 | 2 | 0 | |a psychológia aplikovaná |
| 610 | 2 | 0 | |a vzťahy medziľudské |
| 610 | 2 | 0 | |a podnikanie |
| 610 | 2 | 0 | |a obchod |
| 100 | 1 | |a Novák, Tomáš | |